000 01146cam a2200289 a 4500
999 _c7120
_d7120
001 2070563
003 OSt
005 20210903142953.0
008 940928s1995 enka b 001 0 eng
010 _a 94038849
020 _a0521431964 (hardback)
040 _aDLC
_cDDC
_dDLC
050 0 0 _aQC585.7.D5
_bJ6 1995
082 0 0 _a543JOH1995
100 1 _aJones, T. B.
_q(Thomas Byron),
_d1944-
_914668
245 1 0 _aElectromechanics of particles /
_cEdited by Jones,Thomas B.
260 _aCambridge ;
_aNew York :
_bCambridge University Press,
_c1995.
300 _axxii, 265p. :
_bill. ;
_c24 cm.
504 _aIncludes; bibliographical references (p. 253-262) and index.
650 0 _aPhysics
_9809
856 4 1 _3Sample text
_uhttp://www.loc.gov/catdir/samples/cam034/94038849.html
856 4 2 _3Publisher description
_uhttp://www.loc.gov/catdir/description/cam026/94038849.html
856 4 1 _3Table of contents
_uhttp://www.loc.gov/catdir/toc/cam025/94038849.html
906 _a7
_bcbc
_corignew
_d1
_eocip
_f19
_gy-gencatlg
942 _2ddc
_cO_SHELF